| Tag |
First Indicator |
Second Indicator |
Subfields |
| LEADER |
00000cam a2200000 a 4500 |
| 001 |
in00002149607 |
| 006 |
m e d # |
| 007 |
cr mn mmmmabba |
| 008 |
810706s1794 pau s f000 0 eng d |
| 005 |
20260330215932.2 |
| 035 |
|
|
|z w028053
|
| 035 |
|
|
|a MAAR8107064407B
|
| 035 |
|
|
|9 mwa91-17305
|
| 035 |
|
|
|a 346539
|
| 035 |
|
|
|a aas03028053
|
| 040 |
|
|
|a MWA
|c MWA
|e bdrb
|d UtOrBLW
|
| 110 |
1 |
|
|a United States.
|
| 240 |
1 |
0 |
|a Act authorizing a loan
|
| 245 |
1 |
0 |
|a Third Congress of the United States: At the first session, begun and held at the city of Philadelphia, in the state of Pennsylvania, on Monday, the second of December, one thousand seven hundred and ninety-three :
|b An act authorizing a loan of one million of dollars.
|
| 264 |
|
3 |
|a [Philadelphia] :
|b [Printed by Childs and Swaine],
|c [1794]
|
| 300 |
|
|
|a 1 sheet (1 unnumbered page) ;
|c 34 x 20 cm.
|
| 336 |
|
|
|a text
|b txt
|2 rdacontent
|
| 337 |
|
|
|a computer
|b c
|2 rdamedia
|
| 338 |
|
|
|a online resource
|b cr
|2 rdacarrier
|
| 500 |
|
|
|a "Approved--March the twentieth, 1794."
|
| 500 |
|
|
|a Followed by: Resolved by the Senate and House of Representatives ... that the President of the United States be authorized to employ, as dispatch-boats, such of the revenue-cutters of the United States, as the public exigencies may require. ... Approved--March the twentieth, 1794.
|
| 500 |
|
|
|a Two states noted. One, Evans 27836, includes statement of deposition: Deposited among the rolls in the Office of the Secretary of State. [blank] secretary of state. Printed area measures 21.7 x 13.0 cm. The other, Bristol B8950, filmed by Readex Microprint Corp. for Evans 27836, is without this statement.
|
| 500 |
|
|
|a Francis Childs and John Swaine were printers to the Congress in 1794.
|
| 510 |
4 |
|
|a Evans
|c 27836
|
| 510 |
4 |
|
|a Bristol
|c B8950
|
| 530 |
|
|
|a Microform version available in the Readex Early American Imprints series.
|
| 533 |
|
|
|a Electronic text and image data.
|b [Chester, Vt. :
|c Readex, a division of Newsbank, Inc.,
|d 2002-2004.
|e Includes files in TIFF, GIF and PDF formats with inclusion of keyword searchable text.
|f (Early American imprints. First series ; no. 27836).
|
| 500 |
|
|
|a Electronic resource.
|
| 650 |
|
0 |
|a Executive power
|z United States.
|
| 650 |
|
0 |
|a Loans
|z United States.
|
| 650 |
|
0 |
|a Debts, Public
|z United States.
|
| 650 |
|
0 |
|a Government vessels
|z United States.
|
| 655 |
|
7 |
|a Broadsides.
|2 rbgenr
|
| 710 |
1 |
2 |
|a United States.
|b Congress
|n (3rd, 1st session :
|d 1793-1794).
|t Resolved by the Senate and House of Representatives.
|
| 740 |
0 |
|
|a Act authorizing a loan of one million of dollars.
|
| 752 |
|
|
|a United States
|b Pennsylvania
|d Philadelphia.
|
| 830 |
|
0 |
|a Early American imprints.
|n Series I,
|p Evans (1639-1800) ;
|v no. 27836.
|
| 856 |
4 |
1 |
|u http://proxy.library.tamu.edu/login?url=https://opac.newsbank.com/select/evans/27836
|y Evans Digital Edition
|t 0
|
| 999 |
|
|
|a MARS
|
| 999 |
f |
f |
|s a3900667-36b5-3b88-a334-7393b518184a
|i 29006519-7037-3ce7-b2b2-a5bd9f79b457
|t 0
|
| 952 |
f |
f |
|a Texas A&M University
|b College Station
|c Electronic Resources
|s www_evans
|d Available Online
|t 0
|h No information provided
|
| 998 |
f |
f |
|t 0
|l Available Online
|